00782nam a2200205 i 4500001000700000003000900007005001700016007000300033008004100036080001500077100002900092245016100121260003000282300002200312650003500334700003400369852003200403999001900435952012200454141021ES-MaACL20230906200214.0t|070919s1969 sp ||||1| spa d a159.922.741 aYoung, Leontine.911769910aVida entre gigantes b: una perspectiva del mundo de los adultos desde el punto de vista del niño / cLeontine Young ; versión por Juan Balnco Catalá. aAlcoy : bMarfil, c1969. a162 p. ; c21 cm.14aNiños-xPsicología.9155541 aBlanco Catalá, Juan.929234 aES-MaACLjC-48603 bR.73162 c141021d141021 00104070aATENEOMbATENEOMcDEPO2d2008-01-17eSCl0oC-48603p1146738r2023-02-23 00:00:00w2023-02-23yMONOGRAFIA